Panduan telefon 2001/ 02 : Kedah, Perlis :
| Format: | Book |
|---|---|
| Published: |
Kuala Lumpur:
Telekom Publications,
[2001].
|
| Subjects: |
| LEADER | 00505cam a2200145 7i4500 | ||
|---|---|---|---|
| 001 | 0000010334 | ||
| 005 | 20011211090000.0 | ||
| 090 | 0 | 0 | |a M 910.259595 |b PAN |
| 245 | 0 | 0 | |a Panduan telefon 2001/ 02 : |b Kedah, Perlis : |b Kedah, Perlis : |b pelanggan kediaman. |
| 260 | 0 | 0 | |a Kuala Lumpur: |b Telekom Publications, |c [2001]. |
| 300 | # | # | |a 729 p. |
| 650 | 0 | 0 | |a Telephone -- |x Directories -- |z Malaysia |
| 651 | 0 | 0 | |a Kedah, Malaysia |
| 651 | 0 | 0 | |a Perlis, Malaysia |
| 999 | |a 0000012868 |b Directories |c Malaysia |e Business Information Centre | ||